A Guide to Computer User Support for Help Desk & Support Specialists (Record no. 217015)

MARC details
000 -LEADER
fixed length control field 00554nam a22001817a 4500
008 - FIXED-LENGTH DATA ELEMENTS--GENERAL INFORMATION
fixed length control field 260420b |||||||| |||| 00| 0 eng d
020 ## - INTERNATIONAL STANDARD BOOK NUMBER
International Standard Book Number 9781285852683
050 ## - LIBRARY OF CONGRESS CALL NUMBER
Classification number QA 76.9 .C65 B45 2015
Item number C.1
100 ## - MAIN ENTRY--PERSONAL NAME
Personal name Beisse, Fred
245 ## - TITLE STATEMENT
Title A Guide to Computer User Support for Help Desk & Support Specialists
250 ## - EDITION STATEMENT
Edition statement Sixth Edition
260 ## - PUBLICATION, DISTRIBUTION, ETC.
Place of publication, distribution, etc. Boston, MA
Name of publisher, distributor, etc. Cengage Learning
Date of publication, distribution, etc. 2015
300 ## - PHYSICAL DESCRIPTION
Extent xx, 684p.:ill.
500 ## - GENERAL NOTE
General note Includes index
650 ## - SUBJECT ADDED ENTRY
Topical term or geographic name entry element 1. Computer technical support. 2. Help desk.
942 ## - ADDED ENTRY ELEMENTS (KOHA)
Source of classification or shelving scheme Library of Congress Classification
Koha item type Long Loan Book
Holdings
Withdrawn status Lost status Source of classification or shelving scheme Damaged status Not for loan Collection Home library Current library Date acquired Inventory number Total checkouts Full call number Barcode Date last seen Copy number Price effective from Koha item type
    Library of Congress Classification     Science & Technology Kisii University Library Kisii University Library 04/20/2026 113188   QA 76.9 .C65 B45 2015 A001967 04/20/2026 C.1 04/20/2026 Long Loan Book
    Library of Congress Classification     Science & Technology Kisii University Library Kisii University Library 04/20/2026 113189   QA 76.9 .C65 B45 2015 A001966 04/20/2026 C.2 04/20/2026 Long Loan Book
    Library of Congress Classification     Science & Technology Kisii University Library Kisii University Library 04/20/2026 113190   QA 76.9 .C65 B45 2015 A001965 04/20/2026 C.3 04/20/2026 Long Loan Book
    Library of Congress Classification     Science & Technology Kisii University Library Kisii University Library 04/20/2026 113191   QA 76.9 .C65 B45 2015 A001964 04/20/2026 C.4 04/20/2026 Long Loan Book